Mesto ako priestorovo-socio-ekonomický koncept, iniciátor regionálneho rozvoja diplomová práca

Salvato in:
Dettagli Bibliografici
Autore principale: Barkócziová, Eva
Ente Autore: Národohospodárska fakulta EU. Katedra verejnej správy a regionálneho rozvoja
Altri autori: Ivaničková, Alžbeta
Natura: Libro
Lingua:slovacco
Pubblicazione: Bratislava 2017
Tags: Aggiungi Tag
Nessun Tag, puoi essere il primo ad aggiungerne!!

MARC

LEADER 00000nbm a2200000 4500
001 0231977
005 20171019120716.0
041 0 |a slo 
044 |a SK 
245 1 0 |a Mesto ako priestorovo-socio-ekonomický koncept, iniciátor regionálneho rozvoja  |b diplomová práca  |c Eva Barkócziová ; školiteľ: Alžbeta Ivaničková 
264 1 |a Bratislava  |c 2017 
300 |a 62 s. 
100 1 |a Barkócziová, Eva 
700 1 |a Ivaničková, Alžbeta 
710 2 |a Národohospodárska fakulta EU. Katedra verejnej správy a regionálneho rozvoja